000 00396nam a2200145 4500
999 _c7495
_d7495
008 170926b xxu||||| |||| 00| 0 eng d
022 _a01181831
082 _aDPer 613.05 H34 Jul-Nov 2013
245 _aEats for the eyes.
260 _aPhilippines:
_bMIMS Pte Ltd KDN,
_c©2013.
300 _apage 12,
_c28 cm.
500 _aHealth today.
650 0 _922735
_aVegetables.
942 _2ddc
_cPER